Red Dead Redemption 2 Weapons - Statistics

General Stats
  • This quiz has been taken 613 times
  • The average score is 12 of 26
Answer Stats
Answer % Correct
Cattleman Revolver
85%
Lancaster Repeater
67%
Schofield Revolver
66%
Double-Action Revolver
63%
Carbine Repeater
58%
Bolt Action Rifle
56%
Volcanic Pistol
56%
Pump-Action Shotgun
53%
Springfield Rifle
48%
Mauser Pistol
47%
Sawed-Off Shotgun
47%
Bow
46%
Rolling Block Rifle
46%
Litchfield Repeater
43%
Carcano Rifle
41%
Semi-Auto Shotgun
37%
Throwing Knife
37%
Dynamite
36%
Semi-Automatic Pistol
32%
Tomahawk
32%
Repeating Shotgun
31%
Varmint Rifle
31%
Lasso
30%
Double-Barreled Shotgun
28%
Fire Bottle
26%
Hatchet
17%
No matching quizzes found
Score Distribution
Percent of People with Each Score
Percentile by Number Answered
Your Score History
You have not taken this quiz